| 000 | 00380nam a2200145Ia 4500 | ||
|---|---|---|---|
| 008 | 230917s9999||||xx |||||||||||||| ||und|| | ||
| 040 |
_e37870 _aMAIN |
||
| 041 | _aEnglish | ||
| 082 | _a823.8 F754G:F | ||
| 100 | _aGreen, Robert | ||
| 245 | 0 | _aFord modox ford: prose and politics | |
| 260 |
_aCambridge _bCambridge University Press _c1981 |
||
| 300 | _axv, 218 p. | ||
| 942 | _cBK | ||
| 999 |
_c226536 _d226536 |
||